[Event "Rated Blitz tournament gRoCPZIt"]
[Site "?"]
[Date "2021.01.28"]
[Round "?"]
[White "B_nn_t"]
[Black "Buscapina"]
[Result "1/2-1/2"]
[WhiteElo "2450"]
[BlackElo "2443"]
[PlyCount "177"]
[EventDate "2021.??.??"]
[EventType "blitz"]

1. e4 e5 2. Nf3 d5 3. Nxe5 dxe4 4. d4 exd3 5. Bxd3 Nf6 6. O-O Be7 7. Nc3 O-O 8.
Re1 Nbd7 9. Nxd7 Bxd7 10. Bg5 Be6 11. Qf3 c6 12. h3 Qa5 13. Bd2 Qh5 14. Qg3
Rfe8 15. Re5 Bd6 16. Rxh5 Bxg3 17. Rg5 Bc7 18. Ne4 Nxe4 19. Bxe4 Bxh3 20. Bxh7+
Kxh7 21. Rh5+ Kg8 22. Rxh3 Re2 23. Bc3 Rd8 24. Rd3 Rxc2 25. Rad1 Rxd3 26. Rxd3
Bb6 27. Rf3 f6 28. g3 Kf7 29. Kg2 Bc5 30. a3 b5 31. g4 Bb6 32. g5 Bd8 33. Rd3
Be7 34. Rd7 Ke6 35. Rd3 fxg5 36. Bxg7 Bc5 37. Rf3 g4 38. Rf6+ Ke7 39. Rf4 a5
40. Bf6+ Ke6 41. Bh4 b4 42. axb4 Bxb4 43. Bf6 Bd6 44. Rd4 Kxf6 45. Rxd6+ Ke5
46. Rh6 a4 47. Kg3 Kd5 48. Rh5+ Kc4 49. Rh6 c5 50. Ra6 Kb5 51. Ra8 Kb4 52. Rb8+
Kc4 53. Ra8 Kb3 54. Rb8+ Kc4 55. Ra8 Kb3 56. Kxg4 Rxb2 57. f4 a3 58. f5 a2 59.
f6 Rf2 60. Kg5 c4 61. Rb8+ Kc2 62. Ra8 Kb1 63. Rb8+ Ka1 64. Rc8 Rxf6 65. Rxc4
Kb2 66. Rb4+ Kc3 67. Ra4 Rf2 68. Kg4 Rb2 69. Kf3 Kc2 70. Ke3 Kb1 71. Rd4 a1=Q
72. Rd1+ Ka2 73. Rxa1+ Kxa1 74. Kd3 Ka2 75. Kc3 Ka3 76. Kd3 Rb3+ 77. Kc4 Rb4+
78. Kc3 Ka4 79. Kd3 Kb5 80. Kc3 Kc5 81. Kd3 Kd5 82. Kc3 Rb5 83. Kd3 Rb3+ 84.
Ke2 Kc4 85. Kf2 Kd4 86. Ke2 Ke4 87. Kd2 Rb4 88. Kc2 Kd4 89. Kd2 {Time forfeit}
1/2-1/2

[Event "Rated Blitz game"]
[Site "?"]
[Date "2021.01.28"]
[Round "?"]
[White "papagayam"]
[Black "ahoramahora"]
[Result "1-0"]
[WhiteElo "2406"]
[BlackElo "2296"]
[PlyCount "35"]
[EventDate "2021.??.??"]
[EventType "blitz"]

1. e4 e5 2. Nf3 d5 3. exd5 e4 4. Nd4 Qxd5 5. Nb3 Qe5 6. Nc3 Nf6 7. Be2 Nc6 8.
d4 exd3 9. Qxd3 Bf5 10. Qb5 Bxc2 11. Qxb7 Bd6 12. Qxc6+ Ke7 13. Be3 Rab8 14.
Nd4 Rb6 15. Qc4 Rxb2 16. Nc6+ Ke8 17. Nxe5 Bxe5 18. O-O {Normal} 1-0

[Event "Rated Blitz game"]
[Site "?"]
[Date "2021.01.28"]
[Round "?"]
[White "cedeerwe"]
[Black "Tayota"]
[Result "1-0"]
[WhiteElo "2459"]
[BlackElo "2322"]
[PlyCount "105"]
[EventDate "2021.??.??"]
[EventType "blitz"]

1. e4 e5 2. Nf3 d5 3. Nc3 dxe4 4. Nxe4 f5 5. Ng3 e4 6. Ng1 Bc5 7. d3 Nf6 8. Bg5
O-O 9. Qd2 h6 10. Bxf6 Qxf6 11. O-O-O Ba3 12. c3 Bd6 13. dxe4 f4 14. N3e2 Nc6
15. Nf3 Bg4 16. Ned4 Rae8 17. h3 Bc8 18. Nxc6 bxc6 19. Bc4+ Kh8 20. Rhe1 a5 21.
Kb1 a4 22. a3 Be6 23. Bxe6 Qxe6 24. Nd4 Qf7 25. Nf5 Be5 26. g4 Rb8 27. Ka1 Qb3
28. h4 Bf6 29. g5 Rfd8 30. gxf6 Rxd2 31. fxg7+ Kh7 32. Rxd2 f3 33. Rg1 Qe6 34.
Rd4 Qb3 35. Rd2 Qe6 36. Rg4 Re8 37. h5 Qf7 38. Rg6 Re6 39. Rxe6 Qxe6 40. Rd8
Qg8 41. Rxg8 Kxg8 42. e5 Kf7 43. e6+ Kxe6 44. g8=Q+ Kxf5 45. Qg6+ Kf4 46. Qxh6+
Ke4 47. Qe3+ Kd5 48. h6 Kc4 49. h7 Kb3 50. h8=Q c5 51. Qg8+ c4 52. Qd4 c5 53.
Qd1# {Normal} 1-0

[Event "Rated Blitz game"]
[Site "?"]
[Date "2021.01.28"]
[Round "?"]
[White "Shaginyan_A"]
[Black "Tayota"]
[Result "0-1"]
[WhiteElo "2402"]
[BlackElo "2322"]
[PlyCount "38"]
[EventDate "2021.??.??"]
[EventType "blitz"]

1. e4 e5 2. Nf3 d5 3. Nxe5 Qe7 4. d4 f6 5. Qh5+ g6 6. Nxg6 Qxe4+ 7. Be2 Qxg6 8.
Qxd5 Ne7 9. Qa5 b6 10. Qb5+ Bd7 11. Qc4 Nbc6 12. Bf4 Qxg2 13. Bh5+ Ng6 14. Qe2+
Kd8 15. Bf3 Nxf4 16. Qe4 Qg5 17. Nc3 Bh6 18. h4 Qa5 19. Rg1 Re8 {Normal} 0-1

[Event "Rated Blitz game"]
[Site "?"]
[Date "2021.01.28"]
[Round "?"]
[White "The3Streets"]
[Black "shach"]
[Result "1-0"]
[WhiteElo "2418"]
[BlackElo "2262"]
[PlyCount "31"]
[EventDate "2021.??.??"]
[EventType "blitz"]

1. e4 e5 2. Nf3 d5 3. Nxe5 Bd6 4. d4 dxe4 5. Bf4 Bxe5 6. Bxe5 Nf6 7. Be2 O-O 8.
O-O Nc6 9. Bxf6 Qxf6 10. c3 Bf5 11. Qb3 b6 12. Nd2 Na5 13. Qb5 c6 14. Qa6 Bc8
15. Nxe4 Qe5 16. dxe5 {Normal} 1-0

[Event "Rated Blitz tournament Q9IOSRPr"]
[Site "?"]
[Date "2021.01.28"]
[Round "?"]
[White "straxxx"]
[Black "Schachelite"]
[Result "1-0"]
[WhiteElo "2319"]
[BlackElo "2401"]
[PlyCount "103"]
[EventDate "2021.??.??"]
[EventType "blitz"]

1. e4 e5 2. Nf3 d5 3. d3 dxe4 4. dxe4 Qxd1+ 5. Kxd1 Bg4 6. Be2 Nc6 7. c3 O-O-O+
8. Ke1 Bc5 9. Nbd2 Nge7 10. b4 Bd6 11. Nc4 f6 12. Nxd6+ Rxd6 13. Be3 Rhd8 14.
Rd1 Rxd1+ 15. Bxd1 b6 16. Be2 Kb7 17. Nd2 Bxe2 18. Kxe2 Ng6 19. g3 Nf8 20. h4
h5 21. a4 Ne6 22. Nc4 Ne7 23. f3 Nc6 24. b5 Ne7 25. a5 Nc8 26. a6+ Kb8 27. f4
Nd6 28. Nxd6 cxd6 29. f5 Nc7 30. c4 Kc8 31. Rg1 Kd7 32. g4 Rh8 33. gxh5 Rh7 34.
Rg6 Ke7 35. h6 Kf7 36. hxg7 Rxg7 37. h5 Rh7 38. h6 Ke7 39. Kf3 Kf7 40. Kg4 Ne8
41. Kh5 d5 42. exd5 Nd6 43. c5 bxc5 44. Bxc5 Nxb5 45. Rg4 Ke8 46. Rg7 Rxg7 47.
hxg7 Kf7 48. Kh6 Kg8 49. Kg6 e4 50. Kxf6 Nc7 51. d6 Nxa6 52. d7 {Normal} 1-0

[Event "Rated Blitz game"]
[Site "?"]
[Date "2021.01.28"]
[Round "?"]
[White "joris01"]
[Black "CovidBryant"]
[Result "1-0"]
[WhiteElo "2397"]
[BlackElo "2406"]
[PlyCount "87"]
[EventDate "2021.??.??"]
[EventType "blitz"]

1. e4 e5 2. Nf3 d5 3. d4 dxe4 4. Nxe5 Bd6 5. Nc3 Bxe5 6. dxe5 Qxd1+ 7. Kxd1 Bf5
8. Bb5+ c6 9. Bc4 Nd7 10. Bf4 Ne7 11. Ke2 Ng6 12. Bg3 Ndxe5 13. Bb3 O-O-O 14.
h4 h5 15. a4 Rhe8 16. a5 Bg4+ 17. Ke3 f5 18. Rhe1 Rf8 19. Bf4 Nxf4 20. Kxf4
Ng6+ 21. Kg5 Ne5 22. f3 Rd6 23. Kf4 Ng6+ 24. Kg5 Ne5 25. Kf4 Ng6+ 26. Ke3 exf3
27. gxf3 f4+ 28. Kf2 Bd7 29. Rad1 Rxd1 30. Rxd1 Nxh4 31. Ne4 Nxf3 32. Rxd7 Kxd7
33. Kxf3 b6 34. axb6 axb6 35. Ng5 Kd6 36. Ne6 Rf7 37. Nxf4 Rf5 38. Ke4 Rg5 39.
Ne6 Rg2 40. Kf3 Rg1 41. Nf4 h4 42. Bf7 Rg3+ 43. Kf2 g5 44. Nh5 {Time forfeit}
1-0

[Event "Rated Blitz game"]
[Site "?"]
[Date "2021.01.28"]
[Round "?"]
[White "jacf18"]
[Black "Tayota"]
[Result "1-0"]
[WhiteElo "2376"]
[BlackElo "2400"]
[PlyCount "61"]
[EventDate "2021.??.??"]
[EventType "blitz"]

1. e4 e5 2. Nf3 d5 3. Nxe5 Qe7 4. d4 f6 5. Nd3 Nc6 6. c3 Bf5 7. Be2 Bxe4 8. O-O
Qf7 9. Nd2 Bf5 10. Re1 O-O-O 11. Nb3 Bd6 12. Ndc5 Nge7 13. Bg4 Qg6 14. Bh5 Bc2
15. Qf3 Qf5 16. Bg4 h5 17. Bxf5+ Bxf5 18. Bf4 g5 19. Bxd6 cxd6 20. Ne6 Rdg8 21.
Qe2 Kd7 22. Qb5 Rb8 23. Ng7 Bg6 24. c4 a6 25. Rxe7+ Kxe7 26. Qxd5 Bf7 27. Re1+
Kf8 28. Ne6+ Kg8 29. Qxd6 Re8 30. d5 Ne5 31. Nxg5 {Normal} 1-0

[Event "Rated Blitz tournament f9HcNCCX"]
[Site "?"]
[Date "2021.01.28"]
[Round "?"]
[White "PetarBosnjak"]
[Black "mustafacagan"]
[Result "0-1"]
[WhiteElo "2407"]
[BlackElo "2284"]
[PlyCount "40"]
[EventDate "2021.??.??"]
[EventType "blitz"]

1. e4 e5 2. Nf3 d5 3. Bc4 dxc4 4. O-O Nc6 5. Re1 Nf6 6. h3 Be7 7. Nc3 O-O 8. b3
cxb3 9. axb3 a6 10. Bb2 Re8 11. d3 Nd4 12. Nxe5 Bb4 13. Nc4 b5 14. Ne3 c5 15.
Rf1 Bxc3 16. Bxc3 a5 17. f4 Bb7 18. Qe1 b4 19. Bb2 h6 20. Qg3 Ne2+ {Normal} 0-1

[Event "Rated Blitz game"]
[Site "?"]
[Date "2021.01.28"]
[Round "?"]
[White "vascodiogo17"]
[Black "tactinhos2900"]
[Result "1-0"]
[WhiteElo "2448"]
[BlackElo "2526"]
[PlyCount "79"]
[EventDate "2021.??.??"]
[EventType "blitz"]

1. e4 e5 2. Nf3 d5 3. d3 Nc6 4. Nc3 Nf6 5. Be2 Bb4 6. Bd2 O-O 7. O-O Re8 8.
Nxd5 Nxd5 9. exd5 Qxd5 10. Bxb4 Nxb4 11. Nd2 Nc6 12. Bf3 Qd4 13. Bxc6 bxc6 14.
Rb1 Be6 15. Nf3 Qf4 16. Re1 Bg4 17. h3 Bh5 18. g4 Bg6 19. Kg2 Rad8 20. Qd2 Qf6
21. Qg5 Qd6 22. Rbd1 f6 23. Qe3 a5 24. Nh4 Qd5+ 25. Qf3 Qxa2 26. Nxg6 hxg6 27.
Qxc6 Qxb2 28. Rb1 Qd4 29. Re4 Qd5 30. Qxd5+ Rxd5 31. Rc4 c5 32. Rb5 Ra8 33. Ra4
Rd4 34. Raxa5 Rxa5 35. Rxa5 c4 36. Ra4 c3 37. Rxd4 exd4 38. Kf3 f5 39. gxf5
gxf5 40. Kf4 {Normal} 1-0

[Event "Rated Blitz game"]
[Site "?"]
[Date "2021.01.27"]
[Round "?"]
[White "korbul"]
[Black "Alexandr_KhleBovich"]
[Result "1/2-1/2"]
[WhiteElo "2513"]
[BlackElo "2702"]
[PlyCount "105"]
[EventDate "2021.??.??"]
[EventType "blitz"]

1. e4 e5 2. Nf3 d5 3. exd5 e4 4. Qe2 Nf6 5. d3 Qxd5 6. Nc3 Bb4 7. dxe4 Qxe4 8.
Bd2 Qxe2+ 9. Bxe2 Bf5 10. O-O-O O-O 11. h3 Nc6 12. Bb5 Bxc3 13. Bxc3 Ne4 14.
Be1 Rad8 15. Rxd8 Rxd8 16. Bxc6 bxc6 17. Nd2 f6 18. f3 Nd6 19. g4 Be6 20. Bg3
Nb5 21. Re1 Kf7 22. c4 Nd6 23. b3 a5 24. Ne4 a4 25. Nc5 Bxc4 26. bxc4 Nxc4 27.
Bxc7 Rd5 28. Nxa4 Rd3 29. f4 Rxh3 30. Nb6 Na3 31. Nc8 h5 32. f5 hxg4 33. Nd6+
Kg8 34. Re8+ Kh7 35. Nf7 g6 36. Rh8+ Kg7 37. Rxh3 gxh3 38. fxg6 Kxg6 39. Nd8 c5
40. Kb2 Nb5 41. Bh2 Kf5 42. Nc6 Ke6 43. a4 Nd4 44. Nxd4+ cxd4 45. Kc2 Kd5 46.
Kd3 f5 47. a5 Kc6 48. a6 Kb6 49. Kxd4 Kxa6 50. Ke5 f4 51. Kxf4 Kb5 52. Kg3 Kc4
53. Kxh3 {Normal} 1/2-1/2

[Event "Rated Blitz game"]
[Site "?"]
[Date "2021.01.27"]
[Round "?"]
[White "lellino"]
[Black "philip_simon_din"]
[Result "1-0"]
[WhiteElo "2408"]
[BlackElo "2296"]
[PlyCount "133"]
[EventDate "2021.??.??"]
[EventType "blitz"]

1. e4 e5 2. Nf3 d5 3. Nxe5 Qe7 4. d4 f6 5. Ng4 Nc6 6. Ne3 dxe4 7. Nc3 Bd7 8.
Ned5 Qd8 9. Bf4 Rc8 10. Nxe4 Nge7 11. Nxe7 Bxe7 12. Bc4 b5 13. Bb3 Na5 14. O-O
Nxb3 15. axb3 O-O 16. Rxa7 Bc6 17. Re1 f5 18. Ng3 g5 19. Be5 f4 20. Ne4 Qd5 21.
Qd3 Rf5 22. c4 Qd7 23. Qh3 Bb4 24. Rd1 Rd8 25. Nf6+ Rxf6 26. Qxd7 Rxd7 27. Bxf6
Kf7 28. Be5 bxc4 29. bxc4 Be7 30. Rxc7 Rxc7 31. Bxc7 Ba4 32. Rc1 Ke6 33. c5 Kd7
34. Be5 Ke6 35. c6 Kd5 36. c7 Bd7 37. c8=Q Bxc8 38. Rxc8 Bb4 39. Rh8 Bd2 40.
Rxh7 g4 41. Rh4 g3 42. hxg3 fxg3 43. fxg3 Be3+ 44. Kh2 Ke6 45. Bf4 Bf2 46. Rh6+
Kd5 47. Rd6+ Kc4 48. d5 Kc5 49. Rc6+ Kxd5 50. Rc2 Bc5 51. Re2 Bd4 52. Re5+ Bxe5
53. Bxe5 Kxe5 54. Kh3 Ke4 55. Kh4 Kf5 56. g4+ Kg6 57. Kg3 Kf7 58. b3 Kg6 59. b4
Kf6 60. b5 Ke6 61. b6 Kd6 62. b7 Kc7 63. g5 Kb8 64. g6 Kxb7 65. g7 Kc7 66. g8=Q
Kc6 67. Qg5 {Time forfeit} 1-0

[Event "Rated Blitz game"]
[Site "?"]
[Date "2021.01.27"]
[Round "?"]
[White "Prishtinali01"]
[Black "Blind2250"]
[Result "1-0"]
[WhiteElo "2342"]
[BlackElo "2434"]
[PlyCount "159"]
[EventDate "2021.??.??"]
[EventType "blitz"]

1. e4 e5 2. Nf3 d5 3. Nxe5 Bd6 4. d4 dxe4 5. Qh5 g6 6. Qe2 Nc6 7. Nxc6 bxc6 8.
Qxe4+ Ne7 9. Bh6 Bf5 10. Qe2 Qd7 11. c3 Be6 12. Qd2 Nf5 13. Bd3 Nxh6 14. Qxh6
Bf5 15. Qe3+ Kf8 16. O-O Kg7 17. Bxf5 Qxf5 18. Nd2 Rhe8 19. Qf3 Qxf3 20. Nxf3
Re2 21. b3 Ba3 22. Rad1 Rxa2 23. Ra1 Rxa1 24. Rxa1 Bb2 25. Ra6 Bxc3 26. Rxc6
Ba5 27. g3 Rd8 28. h4 h6 29. Kg2 Bb6 30. Rc4 Rd5 31. Kf1 Rb5 32. b4 f6 33. Ke2
Kf7 34. Kd3 Ke7 35. Ne1 Kd6 36. Nc2 g5 37. h5 Rf5 38. Ke2 g4 39. Ne3 Rxh5 40.
d5 f5 41. Rc6+ Kd7 42. Rf6 Bxe3 43. Kxe3 Rh1 44. Ra6 Rb1 45. Kf4 Rxb4+ 46. Kxf5
Rb2 47. Kxg4 Rxf2 48. Rxa7 Rd2 49. Ra6 Rxd5 50. Rxh6 c5 51. Kf4 c4 52. Ke4 Rd1
53. Rh5 Kc6 54. Rh8 Kc5 55. Rc8+ Kb4 56. Rb8+ Kc3 57. g4 Re1+ 58. Kf5 Rd1 59.
g5 Rf1+ 60. Ke6 Kd3 61. g6 c3 62. Rd8+ Kc2 63. g7 Rg1 64. Kf7 Kb2 65. Rb8+ Kc1
66. g8=Q Rxg8 67. Kxg8 c2 68. Kf7 Kd2 69. Rd8+ Kc1 70. Ke6 Kb2 71. Rb8+ Ka2 72.
Rc8 Kb1 73. Ke5 Ka2 74. Rd8 Kb1 75. Rd4 c1=Q 76. Rd5 Qb2+ 77. Kd6 Qb3 78. Ke5
Qb4 79. Rd4 Qb5+ 80. Ke4 {Time forfeit} 1-0

[Event "Rated Blitz tournament cLhWvHpD"]
[Site "?"]
[Date "2021.01.27"]
[Round "?"]
[White "PrinceMurad09"]
[Black "Grimlock_Glasgow"]
[Result "1-0"]
[WhiteElo "2518"]
[BlackElo "2554"]
[PlyCount "79"]
[EventDate "2021.??.??"]
[EventType "blitz"]

1. e4 e5 2. Nf3 d5 3. exd5 Bd6 4. c4 c6 5. Nc3 Nf6 6. dxc6 Nxc6 7. d3 O-O 8.
Be2 Bf5 9. O-O h6 10. h3 Qd7 11. Be3 Rad8 12. d4 exd4 13. Nxd4 Bxh3 14. Nxc6
bxc6 15. Bf3 Qc7 16. Qa4 Bg4 17. Qxc6 Bxf3 18. Qxc7 Bxc7 19. gxf3 a6 20. Rfd1
Be5 21. Na4 Rc8 22. Rac1 Rfe8 23. c5 Nh5 24. Rc4 g5 25. c6 Nf4 26. Nb6 Rc7 27.
b3 Ne6 28. Nd5 Rcc8 29. Nb4 a5 30. Nd5 Kf8 31. Rdc1 f6 32. Nb6 Rc7 33. Nd7+ Kf7
34. Bb6 Rcc8 35. Bxa5 Re7 36. Bb4 Ree8 37. a4 Nd4 38. Kg2 Re6 39. c7 Ra6 40.
Bc3 {Time forfeit} 1-0

[Event "Rated Blitz game"]
[Site "?"]
[Date "2021.01.27"]
[Round "?"]
[White "sotirakis"]
[Black "Jomajo"]
[Result "1/2-1/2"]
[WhiteElo "2425"]
[BlackElo "2571"]
[PlyCount "114"]
[EventDate "2021.??.??"]
[EventType "blitz"]

1. e4 e5 2. Nf3 d5 3. Nc3 d4 4. Ne2 Bd6 5. Ng3 h5 6. h3 g6 7. Bc4 Nc6 8. d3 Na5
9. Bg5 Be7 10. Bxe7 Qxe7 11. Bb3 Nxb3 12. axb3 Nf6 13. Qd2 Nd7 14. Qg5 Qxg5 15.
Nxg5 f6 16. Nf3 c5 17. Nd2 Ke7 18. Rf1 h4 19. Ne2 g5 20. f3 Nb8 21. Nc4 Nc6 22.
Kd2 Be6 23. Na5 Nd8 24. Nc4 Bxc4 25. bxc4 Nc6 26. c3 Rhd8 27. cxd4 Nxd4 28.
Nxd4 Rxd4 29. Kc3 Kd6 30. Ra5 Kc6 31. Kc2 Rad8 32. Ra3 a6 33. Rfa1 R4d6 34. Rc3
Kc7 35. Rb1 Rb6 36. Rb3 Rdd6 37. Rxb6 Rxb6 38. Kc3 Rb4 39. b3 Rb6 40. Ra1 Rd6
41. Ra5 Rc6 42. Ra4 Kb8 43. Ra5 Ka7 44. Ra1 b6 45. Ra2 Kb7 46. Ra1 b5 47. Ra2
Rb6 48. Ra1 Rd6 49. cxb5 axb5 50. Ra5 b4+ 51. Kc2 Ra6 52. Rxa6 Kxa6 53. Kb2 Kb5
54. Kc2 Kb6 55. Kb2 Kb5 56. Kc2 Kb6 57. Kb2 Kb5 {Normal} 1/2-1/2

[Event "Rated Blitz game"]
[Site "?"]
[Date "2021.01.27"]
[Round "?"]
[White "vangulio"]
[Black "emiliofelixramirez"]
[Result "1-0"]
[WhiteElo "2424"]
[BlackElo "2422"]
[PlyCount "107"]
[EventDate "2021.??.??"]
[EventType "blitz"]

1. e4 e5 2. Nf3 d5 3. Nxe5 Bd6 4. d4 dxe4 5. Nc4 Nf6 6. Nc3 O-O 7. Bg5 Bf5 8.
Ne3 Bg6 9. Bc4 Re8 10. O-O h6 11. Bh4 Bh7 12. Qd2 g5 13. Bg3 Nc6 14. Rad1 a6
15. a3 Bg6 16. Be2 h5 17. f3 exf3 18. Bxf3 Bxg3 19. hxg3 Qd6 20. Bxc6 Qxc6 21.
Nf5 Nh7 22. Kh2 Rad8 23. d5 Qb6 24. b4 Bxf5 25. Rxf5 Qe3 26. Na4 Qxd2 27. Rxd2
b6 28. c4 Kg7 29. c5 b5 30. Nb2 Kg6 31. Rf3 Nf6 32. Kg1 Nxd5 33. Rfd3 c6 34.
Nd1 Re5 35. Nc3 f5 36. Nxd5 cxd5 37. c6 Rc8 38. Rc2 Kf6 39. c7 Ke7 40. Rc6 Kd7
41. Rxa6 Rxc7 42. Rb6 Rc1+ 43. Kf2 Rc2+ 44. Kf1 Kc7 45. Rxb5 Kc6 46. Ra5 Rb2
47. Ra6+ Kb5 48. Rc3 Kxa6 49. Rc5 Rb3 50. Ra5+ Kb6 51. Ra8 Re4 52. Rb8+ Kc7 53.
Rf8 Rc4 54. Rf7+ {Time forfeit} 1-0

[Event "Rated Blitz game"]
[Site "?"]
[Date "2021.01.27"]
[Round "?"]
[White "Cookie2015"]
[Black "UnknownM8"]
[Result "0-1"]
[WhiteElo "2388"]
[BlackElo "2502"]
[PlyCount "92"]
[EventDate "2021.??.??"]
[EventType "blitz"]

1. e4 e5 2. Nf3 d5 3. Nxe5 Bd6 4. d4 dxe4 5. Nc3 Nf6 6. Bc4 Bxe5 7. dxe5 Qxd1+
8. Kxd1 Ng4 9. Ke2 Nxe5 10. Bb5+ c6 11. Ba4 Bg4+ 12. Ke3 f5 13. Bb3 Nbd7 14. h3
Bh5 15. g4 fxg4 16. Nxe4 O-O-O 17. Bd2 Rhf8 18. Bb4 Rf3+ 19. Ke2 gxh3 20. Ke1
b6 21. Ng5 c5 22. Bc3 Rf5 23. Ne4 Bf3 24. Nd6+ Kc7 25. Nxf5 Bxh1 26. Nxg7 Bg2
27. Ne6+ Kc8 28. Nxd8 h2 29. Ke2 Kxd8 30. f4 Nc6 31. Bg8 h5 32. Kf2 h1=Q 33.
Rxh1 Bxh1 34. Bf7 h4 35. Bg6 Nd4 36. Kg1 Bd5 37. Kh2 Nf6 38. Kh3 Be4 39. Bxe4
Nxe4 40. Bxd4 cxd4 41. Kxh4 Ke7 42. f5 Kf6 43. Kg4 Ke5 44. a3 b5 45. b3 a5 46.
a4 b4 {Normal} 0-1

[Event "Rated Blitz game"]
[Site "?"]
[Date "2021.01.27"]
[Round "?"]
[White "stachista"]
[Black "Elkant"]
[Result "1-0"]
[WhiteElo "2468"]
[BlackElo "2288"]
[PlyCount "75"]
[EventDate "2021.??.??"]
[EventType "blitz"]

1. e4 e5 2. Nf3 d5 3. exd5 e4 4. Qe2 Nf6 5. d3 Qxd5 6. Nbd2 Bf5 7. dxe4 Bxe4 8.
Ng5 Qxg5 9. Nxe4 Qe5 10. Nxf6+ gxf6 11. Bf4 Qxe2+ 12. Bxe2 Bb4+ 13. c3 Ba5 14.
O-O-O O-O 15. Bf3 c6 16. Rhe1 Na6 17. Re7 Nc5 18. b4 Ne6 19. Rxe6 fxe6 20. bxa5
e5 21. Be3 a6 22. Bb6 f5 23. Rd6 Rf7 24. Bh5 Re7 25. Rf6 f4 26. f3 e4 27. fxe4
Rxe4 28. Bf3 Re7 29. Rxf4 Rd7 30. Bg4 Re7 31. Bc5 Re5 32. Bb6 Rf8 33. Rxf8+
Kxf8 34. Bc8 Re2 35. Bxb7 Rxg2 36. Bxa6 Rxa2 37. Bb7 Rxh2 38. a6 {Normal} 1-0

[Event "Rated Blitz game"]
[Site "?"]
[Date "2021.01.27"]
[Round "?"]
[White "Kachkar"]
[Black "JakobVangGlud"]
[Result "1-0"]
[WhiteElo "2405"]
[BlackElo "2474"]
[PlyCount "24"]
[EventDate "2021.??.??"]
[EventType "blitz"]

1. e4 e5 2. Nf3 d5 3. Nxe5 dxe4 4. Bc4 Qd4 5. Qh5 g6 6. Bxf7+ Kd8 7. c3 gxh5 8.
cxd4 Nf6 9. Nc3 Nc6 10. Nxc6+ bxc6 11. O-O Bf5 12. Re1 Bd6 {Normal} 1-0

[Event "Rated Blitz game"]
[Site "?"]
[Date "2021.01.27"]
[Round "?"]
[White "sotirakis"]
[Black "Jomajo"]
[Result "1-0"]
[WhiteElo "2415"]
[BlackElo "2580"]
[PlyCount "23"]
[EventDate "2021.??.??"]
[EventType "blitz"]

1. e4 e5 2. Nf3 d5 3. Nc3 d4 4. Ne2 d3 5. cxd3 Nc6 6. d4 exd4 7. Qa4 Bc5 8. d3
Nge7 9. Bg5 O-O 10. Ng3 h6 11. Bd2 f5 12. Qc4+ {Normal} 1-0

[Event "Rated Blitz game"]
[Site "?"]
[Date "2021.01.27"]
[Round "?"]
[White "pete1988"]
[Black "satranCocuk_YouTube"]
[Result "1-0"]
[WhiteElo "2412"]
[BlackElo "2259"]
[PlyCount "87"]
[EventDate "2021.??.??"]
[EventType "blitz"]

1. e4 e5 2. Nf3 d5 3. Nxe5 Bd6 4. d4 dxe4 5. Nc3 Bxe5 6. dxe5 Qxd1+ 7. Nxd1 Nc6
8. Bf4 Nge7 9. Bb5 a6 10. Bxc6+ Nxc6 11. Nc3 Bf5 12. O-O-O O-O 13. Rhe1 Rfe8
14. Nxe4 Nxe5 15. Nc5 b6 16. Rxe5 Rxe5 17. Bxe5 bxc5 18. Bxc7 Be6 19. b3 Rc8
20. c4 h6 21. Rd8+ Rxd8 22. Bxd8 Kf8 23. Bb6 Ke7 24. Bxc5+ Kd7 25. Bf8 Kc6 26.
Bxg7 f5 27. Bxh6 Bf7 28. Kd2 Bh5 29. Kc3 Bg6 30. Kd4 Bf7 31. Bf4 Bg6 32. f3 Bh7
33. g4 Bg6 34. h4 Bf7 35. h5 Bxh5 36. gxh5 a5 37. h6 a4 38. h7 axb3 39. axb3
Kb6 40. h8=Q Ka5 41. Qb8 Ka6 42. Qb5+ Ka7 43. Bc7 Ka8 44. Qb8# {Normal} 1-0

[Event "Rated Blitz game"]
[Site "?"]
[Date "2021.01.27"]
[Round "?"]
[White "Crociati"]
[Black "RiskyBlitzer"]
[Result "0-1"]
[WhiteElo "2482"]
[BlackElo "2369"]
[PlyCount "62"]
[EventDate "2021.??.??"]
[EventType "blitz"]

1. e4 e5 2. Nf3 d5 3. d3 Nc6 4. exd5 Qxd5 5. Nc3 Bb4 6. Be2 Be6 7. O-O Qd8 8.
Ne4 h6 9. c3 Be7 10. b4 a6 11. a4 f5 12. Ng3 Nf6 13. Bd2 e4 14. dxe4 fxe4 15.
Nh4 O-O 16. Qc2 Bc8 17. Bc4+ Rf7 18. f4 e3 19. Bxf7+ Kxf7 20. Bxe3 Ng4 21. Qg6+
Kg8 22. Ngf5 Bf6 23. Rad1 Qf8 24. Qxg4 Bxh4 25. Nxh6+ Kh7 26. Qxh4 gxh6 27. f5
Ne5 28. Rd8 Qg7 29. f6 Qg6 30. f7 Bh3 31. f8=Q Qxg2# {Normal} 0-1

[Event "Rated Blitz game"]
[Site "?"]
[Date "2021.01.27"]
[Round "?"]
[White "Korkmaz16"]
[Black "KamranShirazi"]
[Result "1-0"]
[WhiteElo "2437"]
[BlackElo "2454"]
[PlyCount "87"]
[EventDate "2021.??.??"]
[EventType "blitz"]

1. e4 e5 2. Nf3 d5 3. Nxe5 Bd6 4. d4 dxe4 5. Nc4 Nc6 6. d5 Ne5 7. Nxe5 Bxe5 8.
Be2 Nf6 9. c4 h5 10. h3 Bf5 11. Nc3 Qd6 12. Be3 a6 13. c5 Qd7 14. Bc4 Rd8 15.
Qb3 O-O 16. Rd1 b5 17. cxb6 cxb6 18. Bxa6 Ra8 19. Bb5 Qd6 20. O-O Ng4 21. hxg4
hxg4 22. Ne2 g6 23. g3 Kg7 24. Kg2 Rh8 25. Rh1 Rh3 26. Bf4 Rah8 27. Bxe5+ Qxe5
28. Qc3 Kf6 29. Nf4 Rxh1 30. Rxh1 Rxh1 31. Kxh1 Qxc3 32. bxc3 Ke5 33. Bc6 Kd6
34. Ng2 Bc8 35. Ne3 f5 36. Nc4+ Kc5 37. Ne5 g5 38. Nf7 f4 39. Nxg5 e3 40. fxe3
fxe3 41. Kg2 Bf5 42. Kf1 Bd3+ 43. Ke1 Bc4 44. Ne4# {Normal} 1-0

[Event "Rated Blitz game"]
[Site "?"]
[Date "2021.01.27"]
[Round "?"]
[White "sotirakis"]
[Black "Jomajo"]
[Result "0-1"]
[WhiteElo "2417"]
[BlackElo "2578"]
[PlyCount "50"]
[EventDate "2021.??.??"]
[EventType "blitz"]

1. e4 e5 2. Nf3 d5 3. d4 dxe4 4. Nxe5 Bd6 5. Nc4 Nf6 6. Nxd6+ Qxd6 7. c4 O-O 8.
Be2 Nc6 9. Be3 Rd8 10. d5 Ne5 11. Nc3 a6 12. h3 Bf5 13. O-O Qd7 14. Bf4 Re8 15.
Re1 h6 16. Bf1 Nd3 17. Bxd3 exd3 18. Qd2 c6 19. d6 c5 20. Nd5 Nxd5 21. cxd5 c4
22. Re3 Rxe3 23. Qxe3 Re8 24. Qd4 b5 25. a4 Re4 {Normal} 0-1

[Event "Rated Blitz game"]
[Site "?"]
[Date "2021.01.27"]
[Round "?"]
[White "sotirakis"]
[Black "Jomajo"]
[Result "1/2-1/2"]
[WhiteElo "2416"]
[BlackElo "2579"]
[PlyCount "52"]
[EventDate "2021.??.??"]
[EventType "blitz"]

1. e4 e5 2. Nf3 d5 3. Nc3 d4 4. Ne2 d3 5. Ng3 dxc2 6. Qxc2 Bd6 7. Bc4 Bg4 8.
Qb3 Nc6 9. Bxf7+ Kf8 10. h3 Bxf3 11. Bxg8 Rxg8 12. Qxf3+ Qf6 13. Qxf6+ gxf6 14.
O-O Bc5 15. Nf5 Nb4 16. d3 Nxd3 17. Bh6+ Kf7 18. Rad1 Rad8 19. Rd2 Nb4 20. Rfd1
Rxd2 21. Rxd2 Ke6 22. a3 Nc6 23. Ng7+ Ke7 24. Nf5+ Ke6 25. Ng7+ Ke7 26. Nf5+
Ke6 {Normal} 1/2-1/2

[Event "Rated Blitz game"]
[Site "?"]
[Date "2021.01.27"]
[Round "?"]
[White "beyinlazim"]
[Black "Dzon_Vejn"]
[Result "0-1"]
[WhiteElo "2413"]
[BlackElo "2469"]
[PlyCount "112"]
[EventDate "2021.??.??"]
[EventType "blitz"]

1. e4 e5 2. Nf3 d5 3. exd5 e4 4. Nd4 Qxd5 5. Nb3 Nc6 6. Nc3 Qe5 7. Be2 Nf6 8.
d4 exd3 9. Qxd3 Bf5 10. Qe3 Bxc2 11. Nb5 Qxe3 12. Bxe3 Bb4+ 13. Kf1 O-O-O 14.
Nxa7+ Nxa7 15. Bxa7 Rhe8 16. Rc1 Bd3 17. Bxd3 Rxd3 18. Bb6 c6 19. g3 Nd5 20.
Bd4 f6 21. Rc2 Kd7 22. Kg2 Re6 23. Rhc1 Re4 24. Bc5 Kc7 25. Bxb4 Nxb4 26. Nc5
Nxc2 27. Nxd3 Nd4 28. Rc4 f5 29. b3 Ne6 30. Rxe4 fxe4 31. Nf4 Nc5 32. Kf1 Kd6
33. Ke2 Ke5 34. Ke3 g6 35. Ne2 Nd3 36. Nc3 Nc1 37. Nxe4 Nxa2 38. Nc5 b6 39.
Nd7+ Kd6 40. Nxb6 Nb4 41. Nc4+ Kc5 42. Ne5 Nd5+ 43. Ke4 Kd6 44. Nd3 Nc3+ 45.
Kd4 Nb5+ 46. Ke3 Nc7 47. b4 Nd5+ 48. Kf3 Nxb4 49. Kg2 Nxd3 50. f4 Nc5 51. g4
Ne4 52. h4 Kd5 53. h5 c5 54. hxg6 hxg6 55. f5 g5 56. f6 Nxf6 {Time forfeit} 0-1